Sustained content teaching in academic ESL/EFL (Record no. 80875)

MARC details
000 -LEADER
fixed length control field 01513nam a2200241 a 4500
008 - FIXED-LENGTH DATA ELEMENTS--GENERAL INFORMATION
fixed length control field 081203s2000 ||||||||||||||||| || u
020 ## - INTERNATIONAL STANDARD BOOK NUMBER
International Standard Book Number 0395960762
050 ## - LIBRARY OF CONGRESS CALL NUMBER
Classification number PE 1128.A2 Sus
100 ## - MAIN ENTRY--PERSONAL NAME
Personal name Pally, Marcia [and others]
245 10 - TITLE STATEMENT
Title Sustained content teaching in academic ESL/EFL
Statement of responsibility, etc. edited by Marcia Pally [and others]
260 ## - PUBLICATION, DISTRIBUTION, ETC.
Place of publication, distribution, etc. Boston
Name of publisher, distributor, etc. Houghton Mifflin
Date of publication, distribution, etc. 2000
300 ## - PHYSICAL DESCRIPTION
Extent xvi, 247p.
350 ## -
-- 0.00
650 ## - SUBJECT ADDED ENTRY--TOPICAL TERM
Topical term or geographic name entry element ENGLISH--DICTIONARIES
650 ## - SUBJECT ADDED ENTRY--TOPICAL TERM
Topical term or geographic name entry element LANGUAGE ARTS--CORRELATION WITH CONTENT SUBJECTS
650 ## - SUBJECT ADDED ENTRY--TOPICAL TERM
Topical term or geographic name entry element ENGLISH LANGUAGE --STUDY AND TEACHING--ZAMBIA
650 ## - SUBJECT ADDED ENTRY--TOPICAL TERM
Topical term or geographic name entry element INTERDISCIPLINARY APPROACH IN EDUCATION
995 ## -
-- MAIN LIBRARY OPEN ACCESS
-- 0.00
-- 738947
-- CBU-MAIN LIBRARY (Kitwe)
-- 1
-- 0.00
-- PE 1128.A2 SUS
-- 4
-- AVAILABLE
-- Dec 3, 2008
-- 738947
-- Main Library Open Access Collection
995 ## -
-- MAIN LIBRARY OPEN ACCESS
-- 0.00
-- 738944
-- CBU-MAIN LIBRARY (Kitwe)
-- 1
-- 0.00
-- PE 1128.A2 SUS
-- 1
-- AVAILABLE
-- Dec 3, 2008
-- 738944
-- Main Library Open Access Collection
995 ## -
-- ANNEX COLLECTION (Main Library)
-- 0.00
-- 738948
-- CBU-MAIN LIBRARY (Kitwe)
-- 1
-- 0.00
-- PE 1128.A2 SUS
-- 5
-- AVAILABLE
-- Jul 14, 2009
-- 738948
-- Annex Low-Usage Collection
995 ## -
-- ANNEX COLLECTION (Main Library)
-- 0.00
-- 738946
-- CBU-MAIN LIBRARY (Kitwe)
-- 1
-- 0.00
-- PE 1128.A2 SUS
-- 3
-- AVAILABLE
-- Dec 3, 2008
-- 738946
-- Annex Low-Usage Collection
995 ## -
-- ANNEX COLLECTION (Main Library)
-- 0.00
-- 738945
-- CBU-MAIN LIBRARY (Kitwe)
-- 1
-- 0.00
-- PE 1128.A2 SUS
-- 2
-- AVAILABLE
-- Dec 3, 2008
-- 738945
-- Annex Low-Usage Collection
999 ## -
-- 80875
-- 80875
Holdings
Withdrawn status Lost status Source of classification or shelving scheme Damaged status Not for loan Permanent Location Current Location Shelving location Date acquired Total Checkouts Full call number Barcode Date last seen Copy number Price effective from Koha item type
          CBU-MAIN LIBRARY, KITWE. CBU-MAIN LIBRARY, KITWE.   07/11/2023   PE 1128.A2 Sus 738947 07/11/2023 1 07/11/2023 MONOGRAPH
          CBU-MAIN LIBRARY, KITWE. CBU-MAIN LIBRARY, KITWE.   07/11/2023   PE 1128.A2 Sus 738944 07/11/2023 2 07/11/2023 MONOGRAPH
          CBU-MAIN LIBRARY, KITWE. CBU-MAIN LIBRARY, KITWE.   07/11/2023   PE 1128.A2 Sus 738948 07/11/2023 3 07/11/2023 MONOGRAPH
          CBU-MAIN LIBRARY, KITWE. CBU-MAIN LIBRARY, KITWE.   07/11/2023   PE 1128.A2 Sus 738946 07/11/2023 4 07/11/2023 MONOGRAPH
          CBU-MAIN LIBRARY, KITWE. CBU-MAIN LIBRARY, KITWE.   07/11/2023   PE 1128.A2 Sus 738945 07/11/2023 5 07/11/2023 MONOGRAPH